01729nam a2200385Ia 450000500170000000800410001702000150005810000290007324501280010225000220023030000400025249000260029250000330031850400270035153400390037865000430041765000470046065000460050765000370055365000380059065000430062870000420067170000480071394200150076126400300077633600270080633700330083333800280086604000350089408400110092999900150094095201290095595201320108495201270121620220317000759.0160601s2004 ck a g 000 f spa  a95863325351 aPyle, Howard,d1853-191114aLas alegres aventuras de Robin Hoodctexto e ilustraciones Howard Pyle ; traducción, apéndice y notas Juan Manuel Ibeas a6a. reimpresión a384 páginasbilustracionesc20 cm aTus librospAventuras aIncluye apéndice crítico aIncluye bibliografía tThe Merry Adventures of Robin Hood142LEMBaNovela estadounidenseySiglo XIX142LEMBaLiteratura estadounidenseySiglo XIX142LEMBaProblemas sociales en la literatura142LEMBaHistorias en la literatura142LEMBaEdad media en la literatura142LEMBaJusticia social en la literatura1 aIbeas, Juan Manuel,etraductor9546591 aPyle, Howard,d1853-1911eilustrador954660 2loccBKLIT aBogotábRei Andesc2004 atextobtxt2rdacontent asin mediaciónbn2rdamedia avolumenbnc2rdacarrier aCO-BoRNBPbspaerdacCO-BoRNBP aN PYL1 c5032d5032 00102ddc4070aMEPRICObMEPRICOcLITd2022-12-15l0oNPYL1Ej.1pPR000000L217r2022-12-15 00:00:00tEj.1w2022-12-15yBKLIT 00102ddc40708001aMEMAPIRIbMEMAPIRIcLITd2024-01-18l0oN PYL1pMAP00002274r2024-01-18 15:07:31tEj.1w2024-01-18yBKLIT 00102ddc40708GENaMEURIBEbMEURIBEcLITd2024-10-17l0oN PYL1pURI01762r2024-10-17 11:53:28tEj.1w2024-10-17yBKLIT